English collocations in use: how words work together for fluent and natural English (Record no. 7450)

000 -LEADER
fixed length control field 01270 a2200241 4500
020 ## - INTERNATIONAL STANDARD BOOK NUMBER
International Standard Book Number 0521603781
020 ## - INTERNATIONAL STANDARD BOOK NUMBER
International Standard Book Number 9780521603782
040 ## - CATALOGING SOURCE
Original cataloging agency DLC
Language of cataloging DLC
082 ## - DEWEY DECIMAL CLASSIFICATION NUMBER
Classification number 425
100 1# - MAIN ENTRY--PERSONAL NAME
Personal name McCarthy, Michael,
245 10 - TITLE STATEMENT
Title English collocations in use: how words work together for fluent and natural English
Remainder of title how words work together for fluent and natural English : self-study and classroom use
Statement of responsibility, etc. Michael McCarthy, Felicity O'Dell.
260 ## - PUBLICATION, DISTRIBUTION, ETC.
Place of publication, distribution, etc. Cambridge ;
-- New York :
Name of publisher, distributor, etc. Cambridge University Press,.
Date of publication, distribution, etc. c2005.
300 ## - PHYSICAL DESCRIPTION
Extent 190 p. :
Other physical details ill. ;
Dimensions 27 cm.
500 ## - GENERAL NOTE
General note Includes index.
520 ## - SUMMARY, ETC.
Summary, etc. Collocations are combinations of words which frequently appear together. Using them makes your English sound more natural. Presents and explains approximately 1,500 word combinations in typical contexts using tables, charts, short texts and dialogues.
650 #0 - SUBJECT ADDED ENTRY--TOPICAL TERM
Topical term or geographic name entry element English language
General subdivision Idioms.
650 #0 - SUBJECT ADDED ENTRY--TOPICAL TERM
Topical term or geographic name entry element Collocation (Linguistics)
650 #0 - SUBJECT ADDED ENTRY--TOPICAL TERM
Topical term or geographic name entry element English language
General subdivision Study and teaching
-- Foreign speakers.
700 1# - ADDED ENTRY--PERSONAL NAME
Personal name O'Dell, Felicity,
Dates associated with a name 1947-
856 42 - ELECTRONIC LOCATION AND ACCESS
Materials specified Publisher description
Uniform Resource Identifier <a href="http://www.loc.gov/catdir/enhancements/fy0633/2006295730-d.html">http://www.loc.gov/catdir/enhancements/fy0633/2006295730-d.html</a>
856 42 - ELECTRONIC LOCATION AND ACCESS
Materials specified Table of contents only
Uniform Resource Identifier <a href="http://www.loc.gov/catdir/enhancements/fy0633/2006295730-t.html">http://www.loc.gov/catdir/enhancements/fy0633/2006295730-t.html</a>
942 ## - ADDED ENTRY ELEMENTS (KOHA)
Koha item type Book
Call number prefix 425 MCC
Source of classification or shelving scheme
Holdings
Withdrawn status Lost status Damaged status Not for loan Collection code Permanent Location Current Location Shelving location Date acquired Source of acquisition Cost, normal purchase price Total Checkouts Full call number Barcode Date last seen Date last checked out Price effective from Koha item type
          Central Library (CL) Central Library (CL) General Stacks 01/24/2007 Saeed Book Bank 322.20 2 425 MCC SEECS008051 08/08/2025 10/02/2024 01/05/2017 Book
© 2023 Central Library, National University of Sciences and Technology. All Rights Reserved.